All YBN Nahmir Songs - Statistics

General Stats
  • This quiz has been taken 31 times
    16 since last reset
  • The average score is 17 of 74
Answer Stats
Album Song % Correct
YBN: The Mixtape Rubbin Off the Paint
62%
VISIONLAND Soul Train
62%
YBN: The Mixtape Bounce Out with That
54%
VISIONLAND Opp Stoppa
54%
VISIONLAND Fast Car Music (STAIN)
38%
YBN: The Mixtape Intro
38%
YBN: The Mixtape Cake
31%
YBN: The Mixtape Double Back
31%
YBN: The Mixtape New Drip
31%
YBN: The Mixtape Pain Away
31%
YBN: The Mixtape Porsches in the Rain
31%
VISIONLAND 2 Seater
23%
Single #6 Baby 8
23%
Single #4 Bail Out
23%
VISIONLAND Belgium
23%
YBN: The Mixtape Bounce Out with That (Remix)
23%
Faster Car Music Bows
23%
YBN: The Mixtape Bread Winners
23%
VISIONLAND Ca$hland
23%
VISIONLAND FAST CAR ENDING
23%
YBN: The Mixtape Feel Like
23%
Single #7 F**k It Up
23%
VISIONLAND Get It Crackin
23%
Single #2 Glizzy Hella Geekin
23%
VISIONLAND Homework
23%
Faster Car Music Inna Trap
23%
Faster Car Music Lamborghini Truck
23%
VISIONLAND LAMB TRUCK
23%
VISIONLAND Make a Wish
23%
YBN: The Mixtape Man Down
23%
YBN: The Mixtape Nah for Real
23%
Single #3 No Hook
23%
YBN: The Mixtape No Relations
23%
Faster Car Music Only One
23%
Faster Car Music Pip N' Walk
23%
VISIONLAND Politics
23%
VISIONLAND PRISON
23%
VISIONLAND Regardless
23%
Faster Car Music Spend It
23%
VISIONLAND Still (Family)
23%
VISIONLAND Streets
23%
Single #8 Talkin
23%
YBN: The Mixtape Think Twice
23%
YBN: The Mixtape Up-Top Baby
23%
VISIONLAND Wake Up
23%
Faster Car Music Where I'm From
23%
VISIONLAND WooWAM
23%
#YBN Act Up
15%
#YBN Applying Pressure
15%
Believe in the Glo Band Up
15%
Believe in the Glo Cellphone
15%
Believe in the Glo Fetti
15%
Believe in the Glo Gone with That
15%
#YBN Gunna N***as
15%
Believe in the Glo I Got a Bag
15%
Single I Got a Stick
15%
Believe in the Glo I'm Still Stuck
15%
#YBN LA Fitness
15%
#YBN Letter to Valley Pt. 4
15%
Believe in the Glo Out the Mud
15%
VISIONLAND Over Now
15%
Believe in the Glo Paper Route
15%
#YBN Real Live
15%
#YBN Say Bro
15%
#YBN Sticked Up
15%
#YBN Teach You How
15%
#YBN The Mud
15%
Single #5 The Race (Remix)
15%
Believe in the Glo Untouched
15%
Believe in the Glo Victory
15%
#YBN YBN
15%
#YBN Low-Key
8%
#YBN Off the Blessing
8%
#YBN Ride Tonight
8%
No matching quizzes found
Score Distribution
Percent of People with Each Score
Percentile by Number Answered
Your Score History
You have not taken this quiz since the last reset